000 00808nam a2200253 4500
003 OSt
005 20260601171014.0
008 260505b1984\\\\mx\a||||\||||\00|\0\spa\d
040 _aICI
_bspa
_cICI
041 _aspa
050 _aF1221
_bS25 1984
100 0 _aSalinas Pedraza, Jesús,
_eautor
_933623
245 1 _aEtnografia del otomi /
_cJesús Salinas Pedraza
264 _aMéxico :
_bInstituto Nacional Indigenista,
_c1984
300 _a377 páginas :
_bilustraciones
336 _2rdacontent
_atexto
337 _2rdamedia
_asin medio
338 _2rdacarrier
_avolumen
650 _aEtnología
_zMéxico.
_923472
650 _aGrupos indígenas
_zMéxico.
_933624
651 _aMéxico.
_xCondiciones sociales
_9810
710 2 _a Instituto Nacional Indigenista (México)
_923210
942 _2lcc
_n1
_cB
999 _c20619
_d20619